00683nam a2200181Ia 4500001001000000003000500010008004100015010001100056040000900067100003100076245012800107260003400235300001000269502010900279650003900388650002400427710005000451Para_6014CHAP220125s1986 xx 000 0 und d a204769 cCHAP aVázquez Pérez, Othón aControl químico de la maleza en naranjo (Citrus sinensis (L.) Osbeck) en Papantla, Ver. /c por Othón Vázquez Pérez aChapingo, Méx. :b el autor a54 h. aTesis (Ing. Agr. Esp. en Parasitología Agrícola) -- UACh. Departamento de Parasitología Agrícola aNaranja x malas hierbasxcontrol  aNaranja x Veracruz aUACh. Departamento Parasitología Agrícola